000 00745nam a22002537a 4500
001 47
003 BR-CuiBMT
005 20230809192133.0
008 230808b2022 mgb 000 0 por d
020 _a9786555183894
040 _aBR-CuiBMT
_cBR-CuiBMT
080 _22007
_a351.778.5:349.44
090 _a351.778.5:349.44
_bS116t
100 1 _aSabino, Jamilson Lisboa
245 1 0 _aTratado de regularização fundiária urbana /
_cJamilson Lisboa Sabino.
260 _aBelo Horizonte :
_bFórum,
_c2022.
300 _a464 p. ;
_c22 cm
504 _aInclui bibliografia.
650 _aRegularização fundiária
_zBrasil
650 _aDireito urbanístico
650 _aDireito administrativo
650 _aDireito ambiental
942 _2udc
_cLV
999 _c47
_d47